000 00228nmm a2200085Ia 4500
008 220120s9999||||xx |||||||||||||||||und||
020 _a0-07-052929
100 _aEmbedded For You
245 0 _aFree Source Code & Design Library Inside
999 _c139985
_d139985